Normal view
MARC view
- Ahmad Haris Suhaimi
Entry Personal Name
001 - CONTROL NUMBER
- control field: 817
003 - CONTROL NUMBER IDENTIFIER
- control field: OSt
005 - DATE AND TIME OF LATEST TRANSACTION
- control field: 20170503145916.0
008 - FIXED-LENGTH DATA ELEMENTS
- fixed length control field: 170503|| aca||aabn | a|a d
040 ## - CATALOGING SOURCE
- Original cataloging agency: OSt
- Transcribing agency: OSt
100 ## - HEADING--PERSONAL NAME
- Personal name: Ahmad Haris Suhaimi
670 ## - SOURCE DATA FOUND
- Source citation: Work cat.: (OSt): Ahmad Haris Suhaimi, Amalan dijamin ke syurga oleh Rasulullah SAW / , 2011.

PORTAL AKMAL
E-MEL JKDM
AKMAL2U
G-BAM
u-PUSTAKA